• 首页
  • 本馆介绍
  • 公告通知
  • 最新文献
  • 馆藏检索
  • 电子资源
  • 读者导购
  • 参考咨询
  • 我的图书馆
  • 登录
  • 详细信息显示
  • 放入我的书架
  • 预约/预借图书
  • 作者相关作品
  • 分类相关作品
  • 丛书相关作品
  • 出版社相关作品

书目信息

  • 表格格式
  • 工作单格式
  • 卡片格式
题名:
汉书·后汉书
    
 
作者: 班固, 著
分册:  
出版信息: 长春   吉林出版集团股份有限公司  2016
页数: 292页
开本: 22cm
丛书名: 品读经典
单 册:
中图分类: K234.104.2 , K234.204.2
科图分类:
主题词: 西汉时代--xi han shi dai--古代史--纪传体 , 东汉时代--dong han shi dai--古代史--纪传体
电子资源:
ISBN: 978-7-5581-1485-4
000 01155nam0 22003131 450
001 1730272258
005 20170525101442.0
010    @a978-7-5581-1485-4@dCNY32.80
100    @a20160712d2016 em y0chiy0121 ea
101 0  @achi
102    @aCN@b220000
105    @aa z 000yy
106    @ar
200 1  @a汉书·后汉书@Ahan shu hou han shu@e精选@f(东汉) 班固等
210    @a长春@c吉林出版集团股份有限公司@d2016
215    @a292页@c图@d22cm
225 2  @a品读经典@APin Du Jing Dian
314    @a班固, 32-92年, 东汉史学家、文学家。
330    @a本书分为: 汉书、后汉书两部分。其内容包括: 《汉书》总览、武帝纪、韩信传、周亚夫传、李广传、苏武传、卫青传、张汤传、张骞传、东方朔传、霍光传、赵广汉传、匈奴传、王莽传、《后汉书》总览、光武帝纪等。
461  0 @12001 @a品读经典
605    @a汉书@Ahan shu@x译文
605    @a后汉书@Ahou han shu@x译文
606 0  @a西汉时代@Axi han shi dai@x古代史@x纪传体
606 0  @a东汉时代@Adong han shi dai@x古代史@x纪传体
690    @aK234.104.2@v4
690    @aK234.204.2@v4
701  0 @c(东汉)@a班固,@Aban gu ,@f32-92@4著
801  0 @aCN@bTANG WEI@c20170522
905    @b0968298-302@dK234.104.2@e62@f5
    
    汉书·后汉书:精选/(东汉) 班固等.-长春:吉林出版集团股份有限公司,2016
    292页:图;22cm.-(品读经典)
    
    
    ISBN 978-7-5581-1485-4:CNY32.80
    本书分为: 汉书、后汉书两部分。其内容包括: 《汉书》总览、武帝纪、韩信传、周亚夫传、李广传、苏武传、卫青传、张汤传、张骞传、东方朔传、霍光传、赵广汉传、匈奴传、王莽传、《后汉书》总览、光武帝纪等。
●
相关链接 在E读中查询图书 在五车中查询图书 在当当中查询图书 在豆瓣中查询图书


正题名:汉书·后汉书     索取号:K234.104.2/62         预约/预借

序号 登录号 条形码 馆藏地/架位号 状态 备注
1 0968298   209682985   第二样本阅览室/ [索取号:K234.104.2/62] 在馆    
2 0968299   209682994   第二借阅区/ [索取号:K234.104.2/62] 在馆    
3 0968300   209683001   第二借阅区/ [索取号:K234.104.2/62] 在馆    
4 0968301   209683010   第二借阅区/ [索取号:K234.104.2/62] 在馆    
5 0968302   209683029   第二借阅区/ [索取号:K234.104.2/62] 在馆    
唐山师范学院图书馆 欢迎您!
大连网信软件有限公司© 版权所有